000 00524nam a2200193Ia 4500
005 20250923145321.0
008 008 250917s9999 xx 000 0 eng d
037 _aTextual
040 _aDSWL
_beng
_cDSWL
041 _aeng
_2eng
084 _qDSWL
245 0 _aProblems of modern society : A social perspective
_cEd.by Peter Worsley
260 _aHarmondsworth
_bPenguin Education
_c1972
300 _a629 p.
365 _aGBP
_b1 . 0
925 _g1 . 0
942 _cTEXL
999 _c1449889
_d1449889